000 00367nam a2200157Ia 4500
005 20250423100710.0
008 250422s9999 xx 000 0 und d
020 _a9789783151944
050 _aLB 1051 .O78/
100 _aOrtese, Peter T.
245 0 _aPsychology of learning
260 _bEagle Prints Nigeria
260 _c2014
300 _a86 p
942 _cBK
999 _c34096
_d34096